| 000 | 00620nam a22002177a 4500 | ||
|---|---|---|---|
| 003 | DO-SdBNP | ||
| 005 | 20240417100501.0 | ||
| 008 | 211122b2019 ||||| |||| 00| 0 spa d | ||
| 020 | _a9789945805543 | ||
| 040 |
_aDO-SdBNP _bspa _cBNPHU |
||
| 082 |
_aRD861.44 _bB268e |
||
| 100 |
_aBarranco Ventura, Jimmy _956338 |
||
| 245 | 1 | 0 |
_aEspinelas sin espinas / _cJimmy Barranco Ventura |
| 260 |
_aSanto Domingo : _bBúho, _c2019 |
||
| 300 |
_a436 p. ; _c24 cm |
||
| 590 | _aInventariado, 2021, / DG | ||
| 650 |
_aPoesía dominicana _980700 |
||
| 650 | 0 |
_aLiteratura dominicana _981037 |
|
| 910 | _aD/G | ||
| 942 |
_2ddc _cLBS1 |
||
| 999 |
_c51015 _d51015 |
||